000 00655nam a2200157Ia 4500
008 090123s9999 xx 000 0 und d
082 _b19519
245 _aबालकवींची औदुंबर कविता विविध अर्थध्वनी
250 _a1
260 _bराजहंस
_c1991
300 _a252
630 _aबालकवींची औदुंबर कविता विविध अर्थध्वनी
700 _aनाडकर्णी एस.एस.
730 _aबालकवींची औदुंबर कविता विविध अर्थध्वनी
942 _cBOOK
999 _c57586
_d57586